000 00221 a2200097 4500
001 34654
100 _aRajagopalan, S.P
245 _aComputer Applications in Business
260 _aND
_bPHI
_c1998
090 _c22937
_d22937
942 _aNUST-CAE
_cM
_c14377
999 _c269727
_d269727